Çocuk davamız 1 (Record no. 12552)

MARC details
000 -BAŞLIK
Sabit Uzunlukta Kontrol Alanı 00785na a2200265 4500
001 - KONTROL NUMARASI
Denetim Alanı 24612
003 - KONTROL NUMARASI IDENTIFIER
Denetim Alanı MIRAKIL
005 - SON İŞLEM TARİHİ VE ZAMANI
Denetim Alanı 20190109120944.0
008 - SABİT-BOY VERİ ELEMANLARI - GENEL BİLGİLER
Sabit Uzunlukta Kontrol Alanı 181218b tu 000 0
020 ## - ULUSLARARASI STANDART KİTAP NUMARASI
Uluslararası Standart Kitap Numarası 9757369454 (1.c.)
020 ## - ULUSLARARASI STANDART KİTAP NUMARASI
Uluslararası Standart Kitap Numarası 9757369446 (Tk.)
041 ## - DİL KODU
Metin / Ses Parça Veya Ayrı Başlığın Dil Kodu tur
082 ## - DEWEY ONLU SINIFLANDIRMA NUMARASI
Sınıflandırma Numarası 362.7
Ürün Numarası K26ç 1995
090 ## - SINIFLAMA NUMARASI
Sınıflama Numarası 362.7 K26ç 1995
100 ## - ANA GİRİŞ - KİŞİSEL İSİM
Kişisel Ad Karabekir, Kazım
245 ## - BAŞLIK TABLOSU
Başlık Çocuk davamız 1
Sorumluluk Tablosu, Vb Kazım Karabekir ; yayına hazırlayan Faruk Özerengin
260 ## - YAYIN, DAĞITIM, VB
Yayın, Dağıtım, Vb Yeri İstanbul
Yayıncı, Dağıtıcı, Vs Adı Emre yayınları
Yayın, Dağıtım, Vb Tarihi 1995
Üretici Firma Umut Matbaacılık
300 ## - FİZİKSEL TANIM
Kapsam 342 s.
Boyutlar 20 sm.
440 ## - SERİSİ TABLOSU / KATMA GİRİŞİ - BAŞLIK
Başlık Emre yayınları
Hacim / Ardışık Tanımı 39
490 ## - SERİSİ TABLOSU
Seri Beyanı Yakın tarih serisi
Hacim / Ardışık Tanımı 22/1
650 ## - KONU KATMA GİRİŞ - TOPİKAL DÖNEM
Topikal Süreli Veya Coğrafi Ad Giriş Elemanı Eğitim
Genel Alt Bölümü Çocuklar
Coğrafi Alt Bölümü Türkiye
650 ## - KONU KATMA GİRİŞ - TOPİKAL DÖNEM
Topikal Süreli Veya Coğrafi Ad Giriş Elemanı Çocuklar
Genel Alt Bölümü Türkiye
700 ## - KATMA GİRİŞ - KİŞİSEL İSİM
Kişisel Ad Özerengin, Faruk
Relator Terim yay. haz.
942 ## - EKLENDİ GİRİŞ ELEMANLARI (KOHA)
Sınıflandırma Veya Raf Düzeni Kaynak Dewey Decimal Classification
Koha Öğesi Türü Books
999 ## - SİSTEM KONTROL NUMARALARI (KOHA)
Koha Biblionumber 12552
Koha Biblioitemnumber 12552
Holdings
Kalıcı Konum Mevcut Konum Edinme Tarihi Edinim Kaynak Toplam Check-Out'Lar Tam Çağrı Numarası Barkod Tarih Son Görülme İtibaren Geçerli Fiyatlar Koha Öğesi Türü
CHP Kütüphanesi CHP Kütüphanesi 01/09/2019 Bağış   362.7 K26ç 1995 018689 01/09/2019 01/09/2019 Books